Movies Quiz

Random Movies or Sporcle Quiz

Sporcle Categorical Movies Quiz Stats

 Plays Quiz Updated Sep 11, 2017

Score 0/45 Timer 06:00
0 Plays Today
Category Missing Word % Correct
Geography
U.S. States
Texas
97.2%
Just for Fun
Color
Green
96.8%
Music
Genres
Rock
96.7%
Just for Fun
Color
Red
96.6%
Sports
NFL Mascots
Raiders
96.2%
Television
One-Word TV Shows
Oz
96.2%
Television
One-Word TV Shows
Lost
95.9%
History
Wars
World
95.5%
Holiday
Halloween Costumes
Witch
95.2%
Music
Genres
Country
94.7%
Religion
The Holy Family
Jesus
94.4%
Just for Fun
Color
Purple
93.5%
Religion
The Holy Family
Mary
93.1%
Science
Body Parts
Eyes
92.9%
Music
Genres
Blues
92.9%
History
Wars
Vietnam
92.7%
Gaming
Board Games
Life
92.2%
Language
European Languages
French
92.1%
Language
European Languages
Greek
91.5%
Language
European Languages
Italian
88.9%
Literature
Characters
Gatsby
88.1%
Science
Body Parts
Hand
87.3%
Television
One-Word TV Shows
Dallas
87.3%
Category Missing Word % Correct
Movies
Movie Genres
Adventure
86.2%
Literature
Characters
Dracula
86%
Movies
Movie Genres
Horror
85.9%
Literature
Characters
Frankenstein
84.6%
Holiday
Halloween Costumes
Vampire
84.1%
Religion
The Holy Family
Joseph
83.8%
Sports
NFL Mascots
Bears
83.6%
Miscellaneous
Food
Corn
82.4%
Entertainment
Disney Animated Sequels
Aladdin
81.2%
Geography
U.S. States
Arizona
81%
Miscellaneous
Food
Pizza
75.7%
Sports
NFL Mascots
Saints
72.9%
Gaming
Board Games
Trouble
72.9%
Holiday
Halloween Costumes
Ghost
71.2%
Geography
U.S. States
Mississippi
71.2%
Miscellaneous
Food
Pineapple
66.8%
Movies
Movie Genres
Action
60%
Science
Body Parts
Rib
52.6%
Gaming
Board Games
Operation
49.6%
History
Wars
Revolutionary
48.3%
Entertainment
Disney Animated Sequels
Fantasia
48%
Entertainment
Disney Animated Sequels
Pocahontas
33.6%

You're not logged in!

Compare scores with friends on all Sporcle quizzes.
OR
Log In

You Might Also Like...

Show Comments

Extras

Top Quizzes Today


Score Distribution

Your Account Isn't Verified!

In order to create a playlist on Sporcle, you need to verify the email address you used during registration. Go to your Sporcle Settings to finish the process.

Report this User

Report this user for behavior that violates our Community Guidelines.

Details: